000 00281 a2200133 4500
001 155083
040 _cEscola São Tomás de Aquino
100 _aKEANE, Jan
240 1 0 _aShark Attack
_lpor
245 1 0 _aShark Attack
300 _a42
697 _aLíngua inglesa
942 _cBK
999 _c155083
_d155083